| 000 | 00839cab a22001935a 4500 | ||
|---|---|---|---|
| 001 | L141994 | ||
| 008 | 080117s2007 xxkad f s 000 0 eng d | ||
| 035 | _a(Sirsi) u141994 | ||
| 041 | 0 | _aeng | |
| 100 | 1 | _aHall, Matthew | |
| 245 | 0 | 0 | _aBirmingham faces 2008 uncertainty |
| 260 | _c2007 | ||
| 490 | o |
_aProperty Forecast _v10(12) December 2007, 10-11(2) |
|
| 520 | _aReviews the Birmingham office market in 2007 which saw a subdued occupier market in the first half of 2007 and continued growth in the third quarter. Discusses the likely prospects for 2008 in light of announcements by Birmingham City Council to streamline its property portfolio. Expects this to generate a significant volume of activity. | ||
| 590 | _aKA | ||
| 651 | 4 | _aBirmingham | |
| 690 | _aPROPERTY-COMMERCIAL PROPERTY-COMMERCIAL PROPERTY MARKET | ||
| 942 | _n0 | ||
| 999 |
_c79695 _d79695 |
||